HSV Trikotnummern 2025/26 - Statistiken

Allgemein
  • Dieses Quiz wurde 133 mal gespielt
    13 seit der letzten Aktualisierung
  • Das Durchschnittsergebnis liegt bei 24 aus 31
Antwortstatistiken
Nummer Spieler % Korrekt
6 Albert Sambi-Lokonga
100%
18 Bakery Jatta
100%
1 Daniel Heuer Fernandes
100%
45 Fabio Baldé
100%
20 Fabio Vieira
100%
7 Jean-Luc Dompé
100%
44 Luka Vuskovic
100%
28 Miro Muheim
100%
48 Otto Stange
100%
11 Ransford Königsdörffer
100%
9 Robert Glatzel
100%
17 Warmed Omari
100%
2 William Mikelbrencis
100%
8 Daniel Elfadli
88%
40 Hannes Hermann
88%
21 Nicolai Remberg
88%
3 Noah Katterbach
88%
25 Jordan Torunarigha
75%
24 Nicolás Capaldo
75%
27 Philip Otele
75%
14 Rayan Philippe
75%
15 Yussuf Poulsen
75%
38 Alexander Røssing-Lelesiit
63%
19 Damion Downs
63%
16 Giorgi Gocholeishvili
63%
12 Sander Tangvik
63%
41 Fernando Dickes
38%
23 Albert Gronbaek
25%
37 Louis Lemke
13%
43 Shafiq Nandja
13%
39 Omar Megeed
0%
Keine übereinstimmenden Quizze gefunden
Verteilung der Resultate
Anzahl Personen mit jedem Resultat
Perzentil nach korrekt beantworteten Fragen
Ihre Resultats-Entwicklung
Sie haben dieses Quiz seit der letzten Aktualisierung nicht gespielt